000 00755nam a2200253Ia 4500
999 _c55103
_d55103
001 22178
003 GE_BSU
005 20230330105415.0
008 181216s2009||||-ge|||||||||||||| ||ger||
020 _a978-3-19-171699-8
040 _cGE_BSU
041 _ager
080 _a811.112.1 T-38
245 _aTestDaF Musterprufung 4 : TestDaF Musterprufung 4 :
_bHerausgegeben vom testdaf-institut.
264 _aBobingen :
_bHueber Verlag,
_c2009.
300 _a80 p. ;
_c30 cm
_e+1CD.
541 _h60ლ.
653 _aest Deutsch als Fremdsprache
653 _aHerausgegeben vom testdaf-institut
653 _aTestDaF Musterprüfung 4
653 _aНемецкий язык
653 _aგერმანული ენა
942 _cBK
_2udc